000 00742nam a2200229Ia 4500
003 GCL
008 140319s9999 xx 000 0 ara d
040 _aGCL /
_cGCL
082 0 4 _a091.1
_bف ف
100 1 _aفريد سامى حداد
245 1 0 _aفهرس المخطوطات الطبية العربية فى مكتبة الدكتور سامى ابراهيم حداد /
_cفريد سامى حداد
700 1 _aبيترفيلد، هانس هيزش
300 _a223
490 _a100 قصة
_v0
650 0 4 _aالطب
650 0 4 _aالطب العربى
650 0 4 _aالمخطوطات العربية
650 0 4 _aالمخطوطات
650 0 4 _aالببليوجرافيات
650 0 4 _aالفهارس
942 _2ddc
_cBK
999 _c43466
_d43466